000 002730000a22000970004500
100 1 _aConde, Rodrigo
245 1 0 _aLa globalización a la luz del pensamiento de Francisco de Vitoria
300 _aNúm 49 (1998), Páginas 12-18
773 0 _tPresencia Ecuménica
942 _cANA
999 _c52760
_d52760